| 000 | 00729nam a2200253Ia 4500 | ||
|---|---|---|---|
| 008 | 160803s9999 xx 000 0 und d | ||
| 020 | _a9780439736152 | ||
| 100 | _aFeltes, Kim | ||
| 245 | _aAsk Yolanda! / | ||
| 245 | _cKim Feltes & Elsa Reyes ; illustrations by Grace Chen. | ||
| 260 | _aNew York : | ||
| 260 | _bScholastic Inc. | ||
| 260 | _c2006 | ||
| 300 | _a16 pages : | ||
| 300 | _billustrations ; | ||
| 300 | _c23 cm. | ||
| 440 | _aScholastic FX books, | ||
| 440 | _vbk. 20 | ||
| 500 | _a"This edition is only available for distribution through the school market"--Page [4] cover. | ||
| 650 | _aDating (Social customs) | ||
| 650 | _aFriendship. | ||
| 650 | _aSocial interaction. | ||
| 700 | _a340 | ||
| 999 |
_c298166 _d298166 |
||